00365nam a2200133Ia 4500003000400000008004100004040001600045082001600061100002500077245005300102260004500155300000800200650002300208GCL140319s9999 xx 000 0 eng d aGCL / cGCL04a862.08bG A1 aGALDOS, BENITO PEREZ10aLA FAMILIA DE LEON ROCH / cGALDOS, BENITO PEREZ a[S.N] : bEL LIBRO DE BOLSILLO ، c1986 a44504aSPANISH LITERATURE